Funkcje trygonometryczne - Statystyki

Ogólne statystyki
  • Ten quiz został rozwiązany 13 razy
  • Średni wynik to 8 z 16
Statystyki odpowiedzi
Funkcja % Poprawnych
Sin 1/2
100%
Cos √3/2
75%
Tg √3/3
67%
Tg 1
58%
Ctg 1
58%
Sin 1
58%
Cos 1/2
58%
Sin √2/2
58%
Cos √2/2
58%
Cos 0
50%
Ctg √3/3
50%
Sin √3/2
42%
Ctg 0
33%
Ctg √3
25%
Tg √3
25%
Tg Brak
25%
Nie znaleziono quizów pasujących do podanych kryteriów
Rozkład punktacji
Procent ludzi z każdym wynikiem
Percentyl według liczby udzielonych odpowiedzi
Twoja historia wyników
Nie rozwiązałeś tego quizu